书目信息 |
| 题名: |
管理宝典:《管子》与中国文化
|
|
| 作者: | 袁闯 著 | |
| 分册: | ||
| 出版信息: | 开封 河南大学出版社 1998.08 |
|
| 页数: | 390页 | |
| 开本: | 20cm | |
| 丛书名: | ||
| 单 册: | ||
| 中图分类: | B226.1 | |
| 科图分类: | ||
| 主题词: | 先秦哲学 | |
| 电子资源: | ||
| ISBN: | 7-81041-503-4 | |
| 000 | 00589nam0 2200193 450 | |
| 001 | 1532443418 | |
| 005 | 20150421090347.46 | |
| 010 | @a7-81041-503-4@dCNY29.00 | |
| 100 | @a20150421d1998 km y0chiy0120 ea | |
| 101 | 0 | @achi |
| 102 | @aCN | |
| 200 | 1 | @a管理宝典:《管子》与中国文化@Aguan li bao dian:《guan zi》yu zhong guo wen hua@f袁闯著@Fyuan chuang zhu |
| 210 | @a开封@c河南大学出版社@d1998.08 | |
| 215 | @a390页@d20cm | |
| 606 | 0 | @a先秦哲学 |
| 690 | @aB226.1@v4 | |
| 701 | 0 | @a袁闯@Ayuan chuang@4著 |
| 801 | 0 | @aCN@b大连网信软件有限公司图书馆·11@c20150421 |
| 905 | @aZUCC@dB226.1@eY882 | |
| 管理宝典:《管子》与中国文化/袁闯著.-开封:河南大学出版社,1998.08 |
| 390页;20cm |
| ISBN 7-81041-503-4:CNY29.00 |
| ● |
| 相关链接 |
|
|
|
正题名:管理宝典:《管子》与中国文化
索取号:B226.1/Y882
 
预约/预借
| 序号 | 登录号 | 条形码 | 馆藏地/架位号 | 状态 | 备注 |
| 1 | 495804 | 204958046 | 社科库509/422社科库 31排1列2层/ [索取号:B226.1/Y882] | 在馆 | |
| 2 | 495805 | 204958055 | 社科库509/422社科库 27排4列5层/ [索取号:B226.1/Y882] | 在馆 | |
| 3 | 495806 | 204958064 | 社科库509/422社科库 27排4列5层/ [索取号:B226.1/Y882] | 在馆 | |
| 4 | 495807 | 204958073 | 社科库509/422社科库 27排4列5层/ [索取号:B226.1/Y882] | 在馆 | |
| 5 | 495808 | 204958082 | 社科库509/422社科库 29排4列4层/ [索取号:B226.1/Y882] | 在馆 | |
| 6 | 495809 | 204958091 | 社科库509/509社科库 13排4列3层/ [索取号:B226.1/Y882] | 在馆 | |
| 7 | 495810 | 204958108 | 社科库509/509社科库 13排4列3层/ [索取号:B226.1/Y882] | 在馆 | |
| 8 | 495811 | 204958117 | 社科库509/422社科库 31排1列2层/ [索取号:B226.1/Y882] | 在馆 | |
| 9 | 495812 | 204958126 | 社科库509/422社科库 30排3列5层/ [索取号:B226.1/Y882] | 在馆 | |
| 10 | 495813 | 204958135 | 社科库509/422社科库 31排2列3层/ [索取号:B226.1/Y882] | 在馆 |